000 00406nam a2200169Ia 4500
008 230524s9999 xx 000 0 und d
020 _a0070529051
082 _a537.623
_bDON
100 _aDonald A.Neamen
245 0 _aSemiconductor Physics and Devices
250 _a3RD
260 _aNEW DELHI
_bTMH
_c2004
300 _aX;689
500 _aQuantity Number: 232
650 _aPhysics
942 _cBK
999 _c23540
_d23540